Statistiche per Tutti gli Stati che hanno controllato Venezia

Clicka qui per fare il quiz!

Statistiche generali

  • Questo quiz è stato fatto 10 volte
  • Il punteggio medio è 15 su 17

Statistiche sulle risposte

Risposta% Corretto
Arciducato d'Austria
100%
Impero Austriaco
100%
Impero Austriaco (Regno Lombardo-Veneto)
100%
Impero Austriaco (Regno Lombardo-Veneto)
100%
Impero Romano d'Occidente
100%
Regno di Odoacre
100%
Regno d'Italia
100%
Regno Ostrogoto
100%
Repubblica Italiana
100%
Secondo Impero Francese
100%
Impero Bizantino
86%
Prima Repubblica Francese
86%
Regno d'Italia
86%
Repubblica Sociale Italiana
86%
Serenissima Repubblica di Venezia
86%
Repubblica di San Marco
57%
Regno Francese d'Italia
43%

Distribuzione punteggi

Percentile per numero di risposta

Percentuale di utenti per punteggio

I tuoi punteggi nel tempo

Non hai fatto questo quiz